| 000 | 00913nam a2200313 a 4500 | ||
|---|---|---|---|
| 001 | vtls001431611 | ||
| 003 | NLI | ||
| 005 | 20210627120647.0 | ||
| 008 | 121130s2008 ii 000 0 eng | ||
| 020 | _cRs. 125.00 (pbk.) | ||
| 039 | 9 |
_y201211301604 _zVLOAD |
|
| 040 |
_aNLI _beng _cDatasoft_GENG _eAACR2 |
||
| 041 | 0 | _aeng | |
| 044 | _aii | ||
| 082 | 0 | 4 | _a515 |
| 100 | 1 |
_aManikandan, K. M. _9991954 |
|
| 245 | 1 | 0 |
_aMathematical applications test of hypothesis and sampling technique / _cK. M. Manikandan |
| 260 |
_aSalem : _bVarun Pub., _c2008 |
||
| 300 |
_a143 p. ; _c20 cm. |
||
| 650 | 0 |
_aMathematical analysis _9698312 |
|
| 650 | 0 |
_aMathematics _9687625 |
|
| 650 | 0 |
_aStatistical hypothesis testing _9991429 |
|
| 887 | _a | ||
| 901 |
_aDB109406 _b09.03.2009 |
||
| 902 | _aE 515 M 314 | ||
| 904 | _l12144 | ||
| 949 |
_AVIRTUAITEM _D10000 _X100 _6DBA000109406ENG |
||
| 942 |
_2ddc _cBKS |
||
| 999 |
_aVIRTUA40 _c882995 _d882995 |
||